| 000 | 00782nam a22002057a 4500 | ||
|---|---|---|---|
| 999 |
_c1595 _d1595 |
||
| 003 | AR-CdUCM | ||
| 008 | 190227b ||||| |||| 00| 0 spa d | ||
| 040 |
_aMUNICIPALIDAD PROVINCIAL DEL CUSCO _cBIBLIOTECA MUNICIPAL DEL CUSCO |
||
| 082 |
_a343.273 / _bG31 |
||
| 100 |
_aGaviola, Carlos A. _95985 |
||
| 245 | _aEl poder de la suprema corte de los estados unidos / | ||
| 260 |
_aBuenos Aires : _bEDISAR , _c1965. |
||
| 300 |
_a233 páginas ; _c22 cm. |
||
| 505 | _aLa justicia bajo el common law -- El common law de estados unidos -- Confederación y constitución constituyente -- Fuentes del derecho federal... | ||
| 650 |
_aCorte de Estados Unidos. _95986 |
||
| 650 |
_aDerecho federal. _95987 |
||
| 650 |
_aCommon Law. _95988 |
||
| 942 |
_2ddc _cLIBROS |
||
| 945 |
_awfj _d2019-02-27 |
||